Direitos fundamentais

Detalles Bibliográficos
Autor principal: de Moraes Mello, Cleyson
Formato: eBook
Lenguaje:portugués
Publicado: Rio de Janeiro: Editora Processo, 2022
Materias:
Acceso en línea:Acceso restringido

MARC

LEADER 00000nam a22000007a 4500
005 20220727225216.0
007 cr|||| ||||
008 220727s2022 br |||||s|||| 00||0 por d
020 |a 978658935180-1 
035 |a 36776 
040 |a vLex 
090 |c 13642  |d 13642 
100 1 |a de Moraes Mello, Cleyson 
245 1 0 |a Direitos fundamentais  |h [Recurso electrn̤ico] /  |c Cleyson de Moraes Mello 
256 |a Servicio en ln̕ea 
260 |a Rio de Janeiro:  |b Editora Processo,  |c 2022 
300 |a 1 recurso electrn̤ico 
500 |a Esta obra oferece uma clara e panorḿica visô de como vem sendo realizada a construȯ̂ e realizaȯ̂ dos direitos fundamentais. O autor apresenta uma personals̕sima anl̀ise do mais refinado pensamento da teoria geral dos direitos fundamentais, alm̌ da anl̀ise profc̕ua dos direitos fundamentais na Constituiȯ̂ da Repb︢lica Federativa do Brasil. O autor aborda ainda os mais diversos temas como aborto, eutans̀ia, pesquisas com cľulas-tronco, cotas para negros em universidades, casamento de pessoas do mesmo sexo, limitaė̳s ao poder do Estado, liberdade de expressô, racismo, tortura, homofobia, alm̌ dos direitos fundamentais sociais, direitos fundamentais processuais e uma profunda anl̀ise da questô da dignidade humana como epicentro do ordenamento jurd̕ico. 
506 1 |a Disponible solo en los productos indicados  |d vLex Global  |d vLex Global (Academic Edition, excluding Law Schools)  |d vLex Global (U.S. Academic Edition, Law Schools)  |d vLex Global (U.S. Academic Edition, excluding Law Schools)  |d vLex Global (Academic Edition, Law Schools) 
650 0 4 |a Derecho Constitucional  |z Brasil 
740 0 |a vLex Libros (Servicio en ln̕ea) 
856 4 0 |u https://app.vlex.com/#/sources/36776  |z Acceso restringido 
942 |c BOOK 
999 0 |a Constitutional right